000 00833nas a2200265 4500
001 BR2013007547
003 BR-BrBNA
005 20231205122947.0
007 ta
008 230509b bl.|||p| |||| 00| 00por d
040 _aBR-BrBNA
_bpor
_cBiblioteca Nacional de Agricultura
041 _a(En)
072 _aH10
100 1 _aFilgueiras, B.K.C.
100 1 _aIannuzzi, L.
100 1 _aMello, F.Z.V. de
245 1 _aFirst report of Oxysternon silenus Castelnau (Scarabaeidae, Scarabaienae, Phanaeini)in the Brazilian Atlantic Forest
650 _aINSETO
650 _aREGISTRO
650 _aARMADILHA
650 _aCOLETA
773 0 _tRevista Brasileira de Entomologia (Brazil)
_xISSN 0085-5626
_g(Apr-Jun 2011), v. 55(2) p. 283-284
_wBR2013007547
909 _a202311
_bLúcia
_c55
_dLúcia Elande
942 _2AGRIS
_n0
_cANA
999 _c231476
_d231476